| 000 | 00855nam a2200253 a 4500 | ||
|---|---|---|---|
| 001 | 000045879 | ||
| 003 | DO-SdBNP | ||
| 005 | 20221130092745.0 | ||
| 007 | ta | ||
| 008 | 150526s2015 dr a 000 0 spa d | ||
| 020 | _a9789945589542 | ||
| 040 |
_aDO-SdBNP _bspa _cBNPHU |
||
| 082 | 4 |
_a972.93054 _bM623p _222 |
|
| 100 | 1 |
_aMichel Peguero, Rafael Martín, _d1937- _973945 |
|
| 245 | 1 | 0 |
_aPedro Santana : _bel marqués de las carreras / _cRafael Martín Michel Peguero. |
| 260 |
_aSanto Domingo : _bSantuario, _c2015. |
||
| 300 |
_a400 p. : _bil. ; _c23 cm. |
||
| 500 | _aIncluye datos biográficos del autor en la solapa de la cubierta | ||
| 504 | _aBibliografía : p. 401 | ||
| 590 | _aInventariado, 2022/MFF | ||
| 651 | 4 |
_aRepública Dominicana _xHistoria _vRevolución, 1965 _982610 |
|
| 910 | _aValidado. Control de calidad MFF | ||
| 942 |
_2ddc _cLBS1 |
||
| 999 |
_c45368 _d45368 |
||